[Event "Kreismeisterschaft Mittelfranken Mitte 2"]
[Site "Nuernberg"]
[Date "2026.01.03"]
[Round "3.6"]
[White "Seibold, Hubert"]
[Black "Ramonat, Valentin"]
[Result "0-1"]
[WhiteElo "2034"]
[BlackElo "1748"]
[PlyCount "114"]
[EventDate "2026.01.02"]
[WhiteTeam "SK Zirndorf e.V."]
[BlackTeam "SC Schwarz-WeiÃŸ NÃ¼rnberg SÃ¼d e.V"]

1. c4 Nf6 2. g3 g6 3. Bg2 Bg7 4. Nc3 O-O 5. Nf3 d6 6. d4 Nbd7 7. O-O e5 8. dxe5
Nxe5 9. Nxe5 dxe5 10. Qxd8 Rxd8 11. Bg5 Rd4 12. b3 c6 13. Be3 Rd6 14. h3 Be6
15. Na4 e4 16. Nc5 b6 17. Nxe6 Rxe6 18. Rad1 Kf8 19. Rd2 Ke7 20. Rfd1 h6 21. g4
g5 22. Bd4 Re8 23. a4 c5 24. Bb2 e3 25. Rc2 exf2+ 26. Kxf2 Kf8 27. Bf3 Ne4+ 28.
Bxe4 Rxe4 29. Bxg7+ Kxg7 30. Rd3 Kg6 31. e3 f5 32. Kf3 fxg4+ 33. hxg4 h5 34.
gxh5+ Kxh5 35. Rh2+ Kg6 36. Rd6+ R4e6 37. Rxe6+ Rxe6 38. Rd2 Kf5 39. Rd5+ Re5
40. e4+ Kf6 41. Rd8 Re7 42. Rg8 Re6 43. Rf8+ Ke5 44. Ke3 Rg6 45. Rf5+ Ke6 46.
Rd5 g4 47. Kf2 g3+ 48. Kg2 Rg4 49. a5 Rxe4 50. axb6 axb6 51. Rd3 Rg4 52. Rd8
Rd4 53. Rb8 Rd2+ 54. Kh3 Rd6 55. Rg8 Ke5 56. Rxg3 Ke4 57. Kg2 Rd3 0-1

[Event "Kreismeisterschaft Mittelfranken Mitte 2"]
[Site "Nuernberg"]
[Date "2026.01.03"]
[Round "3.7"]
[White "Ahlich, Thomas"]
[Black "Suess, Helmut"]
[Result "1-0"]
[WhiteElo "1942"]
[BlackElo "1868"]
[PlyCount "61"]
[EventDate "2026.01.02"]
[WhiteTeam "Spvg Zabo-Eintracht NÃ¼rnberg e.V"]
[BlackTeam "SC Noris-Tarrasch NÃ¼rnberg 1873"]

1. Nf3 g6 2. d4 Bg7 3. c4 c5 4. e3 Nc6 5. d5 Ne5 6. Nxe5 Bxe5 7. f4 Bg7 8. Be2
d6 9. O-O f5 10. Nd2 Bd7 11. Rb1 Nf6 12. Bf3 a5 13. a4 h5 14. b3 Ng4 15. Re1
Qc7 16. Bb2 Bxb2 17. Rxb2 O-O-O 18. h3 Nf6 19. e4 fxe4 20. Bxe4 Nxe4 21. Nxe4
Bf5 22. Ng5 Rhf8 23. g3 Rde8 24. Rbe2 Qd7 25. Kh2 Rf6 26. Re3 b6 27. Qa1 Kd8
28. R1e2 e5 29. fxe5 dxe5 30. Rxe5 Rxe5 31. Qxe5 1-0

[Event "Kreismeisterschaft Mittelfranken Mitte 2"]
[Site "Nuernberg"]
[Date "2026.01.03"]
[Round "3.8"]
[White "Waschner, Chili"]
[Black "Holzmann, Alisa"]
[Result "1-0"]
[WhiteElo "1883"]
[BlackElo "1512"]
[PlyCount "119"]
[EventDate "2026.01.02"]
[WhiteTeam "Spvg Zabo-Eintracht NÃ¼rnberg e.V"]
[BlackTeam "SC JÃ„KLECHEMIE Talente Franken e"]

1. d4 d5 2. Nc3 Nf6 3. Bf4 c5 4. e4 a6 5. e5 cxd4 6. Qxd4 Nc6 7. Qd1 d4 8. exf6
dxc3 9. Qxd8+ Nxd8 10. fxe7 Bxe7 11. b3 Bf6 12. Bd6 b5 13. O-O-O Nb7 14. Bb4
Bd7 15. Ne2 Rc8 16. Rd3 Bf5 17. Re3+ Be6 18. Bxc3 Bxc3 19. Rxc3 O-O 20. Rxc8
Rxc8 21. Nd4 Bd5 22. f3 Nc5 23. Be2 Re8 24. Rd1 g6 25. Rd2 Ne6 26. Nxe6 Bxe6
27. Bd3 f5 28. c4 Rc8 29. Rc2 bxc4 30. Bxc4 Bxc4 31. bxc4 Kf7 32. Kb2 Ke6 33.
Kc3 Kd6 34. Kd4 Rb8 35. Kc3 Kc5 36. Rd2 Rb7 37. Rd5+ Kc6 38. Ra5 Kb6 39. Re5
Rd7 40. a4 Rd1 41. a5+ Kc6 42. Re7 Ra1 43. Re6+ Kb7 44. Kb4 Rb1+ 45. Kc5 Ra1
46. Re7+ Kc8 47. Kb6 Rc1 48. c5 Rc2 49. Kc6 Kd8 50. Rxh7 Rxg2 51. Kb6 Rc2 52.
c6 Rb2+ 53. Kxa6 Kc8 54. h4 Rb3 55. Rg7 Rxf3 56. Rxg6 Kc7 57. h5 Rh3 58. h6 f4
59. Kb5 Rb3+ 60. Kc5 1-0

[Event "Kreismeisterschaft Mittelfranken Mitte 2"]
[Site "Nuernberg"]
[Date "2026.01.03"]
[Round "3.10"]
[White "Ratushna, Olha"]
[Black "Redzepovic, Irfan"]
[Result "1/2-1/2"]
[WhiteElo "1749"]
[BlackElo "1992"]
[PlyCount "112"]
[EventDate "2026.01.02"]
[WhiteTeam "SC Schwarz-WeiÃŸ NÃ¼rnberg SÃ¼d e.V"]
[BlackTeam "SC Schwarz-WeiÃŸ NÃ¼rnberg SÃ¼d e.V"]

1. e4 e5 2. Nf3 Nc6 3. Nc3 Nf6 4. d4 exd4 5. Nxd4 Bb4 6. Nxc6 bxc6 7. Bd3 d5 8.
exd5 O-O 9. O-O cxd5 10. Bg5 c6 11. h3 Be7 12. Re1 Rb8 13. Qc1 Be6 14. Ne2 Bc5
15. b3 Qb6 16. Qf4 Ne4 17. Bxe4 dxe4 18. Bh4 f5 19. Nc3 Qb4 20. Na4 Bd6 21. Qe3
Bd5 22. Qxa7 Ra8 23. Qe3 f4 24. Qc1 e3 25. f3 Rf5 26. c3 Qb7 27. Rd1 Be5 28.
Qc2 Rh5 29. Be1 Qa7 30. Qe2 Rf8 31. Rac1 Rf6 32. c4 Be6 33. Rd8+ Kf7 34. Bb4
Kg6 35. Rf8 Rxf8 36. Bxf8 Bd4 37. c5 Bf6 38. Bd6 Rf5 39. Nc3 Qa3 40. Rc2 Bxc3
41. Rxc3 Qb4 42. Rc1 Rd5 43. Rc2 Bf5 44. a3 Qxa3 45. Bxf4 Qa1+ 46. Kh2 Bxc2 47.
Qxc2+ Kf7 48. Qe2 Qc3 49. Qa6 Rxc5 50. Qb7+ Kg6 51. Qe7 Rf5 52. Qe6+ Qf6 53.
Qe8+ Qf7 54. Qxc6+ Qf6 55. Qe8+ Qf7 56. Qc6+ Qf6 1/2-1/2

[Event "Kreismeisterschaft Mittelfranken Mitte 2"]
[Site "Nuernberg"]
[Date "2026.01.03"]
[Round "3.11"]
[White "Lemba, Albert"]
[Black "Babichev, Vyacheslav"]
[Result "1-0"]
[WhiteElo "1973"]
[BlackElo "1798"]
[PlyCount "45"]
[EventDate "2026.01.02"]
[WhiteTeam "SC Noris-Tarrasch NÃ¼rnberg 1873"]
[BlackTeam "SC Schwarz-WeiÃŸ NÃ¼rnberg SÃ¼d e.V"]

1. e4 e6 2. d4 b6 3. c4 Bb7 4. Nc3 Bb4 5. Bd3 f5 6. Qe2 fxe4 7. Bxe4 Nc6 8. Nf3
Nf6 9. Bxc6 Bxc6 10. d5 Bb7 11. dxe6 O-O 12. Bg5 Re8 13. O-O-O d6 14. Nd5 Bxd5
15. cxd5 Bc5 16. b4 Bxb4 17. Nd4 Ba3+ 18. Kb1 h6 19. Nc6 Qc8 20. Bxf6 gxf6 21.
Rd3 Bc5 22. Rg3+ Kh8 23. Qh5 1-0

[Event "Kreismeisterschaft Mittelfranken Mitte 2"]
[Site "Nuernberg"]
[Date "2026.01.03"]
[Round "3.12"]
[White "Himonakis, Michael"]
[Black "Yanpala, Oguz Faruk"]
[Result "1-0"]
[WhiteElo "1916"]
[BlackElo "1624"]
[PlyCount "81"]
[EventDate "2026.01.02"]
[WhiteTeam "SC Noris-Tarrasch NÃ¼rnberg 1873"]
[BlackTeam "SC JÃ„KLECHEMIE Talente Franken e"]

1. e4 c5 2. Nf3 d6 3. d4 cxd4 4. Nxd4 Nf6 5. f3 e5 6. Nb3 Be7 7. c4 Nc6 8. Be3
O-O 9. Be2 Be6 10. O-O Na5 11. Nxa5 Qxa5 12. Nc3 Qb4 13. Qb3 Qxb3 14. axb3 a6
15. Rfd1 Rac8 16. g4 Nd7 17. Nd5 Bxd5 18. Rxd5 g5 19. b4 Rfd8 20. Rda5 h6 21.
b5 axb5 22. Rxb5 Rc7 23. Ra7 Rb8 24. Kf1 Kg7 25. Bd2 Bd8 26. Rd5 Rc6 27. Bc3
Nb6 28. Rxd6 Nxc4 29. Rxc6 Ne3+ 30. Ke1 bxc6 31. Bxe5+ Bf6 32. Bxb8 Bxb2 33.
Kd2 Bd4 34. Be5+ Bxe5 35. Kxe3 Bxh2 36. Ra6 c5 37. Bc4 f6 38. Kd3 Bg1 39. Be6
Bd4 40. Kc4 Kg6 41. Ra7 1-0

[Event "Kreismeisterschaft Mittelfranken Mitte 2"]
[Site "Nuernberg"]
[Date "2026.01.03"]
[Round "3.13"]
[White "Fiedler, Wolfgang"]
[Black "Hanek, Erik"]
[Result "0-1"]
[WhiteElo "1975"]
[BlackElo "1856"]
[PlyCount "68"]
[EventDate "2026.01.02"]
[WhiteTeam "SC Schwarz-WeiÃŸ NÃ¼rnberg SÃ¼d e.V"]
[BlackTeam "SC Schwarz-WeiÃŸ NÃ¼rnberg SÃ¼d e.V"]

1. Nf3 d5 2. g3 Nf6 3. Bg2 c5 4. d3 Nc6 5. Nbd2 Bf5 6. h3 h6 7. O-O e5 8. Re1
Be7 9. b3 Qd7 10. g4 Be6 11. Bb2 Bd6 12. e4 d4 13. Nc4 Bxc4 14. bxc4 Nd8 15.
Bc1 Ne6 16. Nh4 O-O-O 17. f4 g5 18. fxg5 hxg5 19. Nf5 Ng8 20. Qf3 Ne7 21. Bd2
Ng6 22. Kf2 Ngf4 23. Rh1 Rh7 24. h4 gxh4 25. Rxh4 Rdh8 26. Rah1 Rxh4 27. Rxh4
Rxh4 28. Nxh4 Qa4 29. Qd1 Nxd3+ 30. Kg3 Ndf4 31. Bf1 d3 32. Bxf4 exf4+ 33. Kf3
Qxc2 34. Qxd3 Nd4+ 0-1

[Event "Kreismeisterschaft Mittelfranken Mitte 2"]
[Site "Nuernberg"]
[Date "2026.01.03"]
[Round "3.15"]
[White "Martick, Ralph"]
[Black "Llugiq, Bajram"]
[Result "0-1"]
[WhiteElo "1767"]
[BlackElo "1914"]
[PlyCount "112"]
[EventDate "2026.01.02"]
[WhiteTeam "SV Postbauer e.V."]
[BlackTeam "SC Schwarz-WeiÃŸ NÃ¼rnberg SÃ¼d e.V"]

1. b3 Nf6 2. Bb2 g6 3. Bxf6 exf6 4. c4 Bg7 5. Nc3 O-O 6. g3 c6 7. Bg2 d6 8. Rc1
Re8 9. e3 Nd7 10. Nge2 Ne5 11. d4 Nd7 12. O-O f5 13. Nf4 Nf6 14. Qd3 a6 15. a4
Rb8 16. Rb1 Bd7 17. Rfc1 Qe7 18. b4 g5 19. Nfe2 Ne4 20. b5 axb5 21. axb5 Nf6
22. bxc6 bxc6 23. Qc2 Rec8 24. Rb3 Qe8 25. Rcb1 Qd8 26. Qb2 Rxb3 27. Qxb3 Bf8
28. Nc1 c5 29. d5 Qe8 30. N1e2 Kg7 31. Qb7 Qd8 32. Rb6 Be8 33. Bh3 g4 34. Bg2
Nd7 35. Rb1 Rb8 36. Qa7 Rxb1+ 37. Nxb1 Be7 38. Nf4 Kh6 39. Nd3 Bf6 40. Na3 Qb6
41. Qa8 Qb8 42. Qa6 Nb6 43. Bf1 Bd8 44. Nb5 Nxc4 45. Nc3 Nb6 46. e4 fxe4 47.
Nxe4 f5 48. Nc3 Qa8 49. Qxa8 Nxa8 50. Nf4 Nc7 51. Ne6 Nxe6 52. dxe6 Kg6 53. Bc4
Kf6 54. Kf1 Ke5 55. Ba2 Bc6 56. Ke2 d5 0-1

[Event "Kreismeisterschaft Mittelfranken Mitte 2"]
[Site "Nuernberg"]
[Date "2026.01.03"]
[Round "3.17"]
[White "Walch, Roger"]
[Black "Hestermann, Hans-Ludwig"]
[Result "0-1"]
[WhiteElo "1779"]
[BlackElo "1909"]
[PlyCount "80"]
[EventDate "2026.01.02"]
[WhiteTeam "SC Schwarz-WeiÃŸ NÃ¼rnberg SÃ¼d e.V"]
[BlackTeam "Spvg Zabo-Eintracht NÃ¼rnberg e.V"]

1. e4 e6 2. d4 d5 3. Bd3 dxe4 4. Bxe4 Nf6 5. Bf3 c5 6. Be3 cxd4 7. Bxd4 Be7 8.
Ne2 Qc7 9. Nbc3 Nc6 10. Be3 Bd7 11. O-O a6 12. Na4 Ne5 13. Nb6 Nxf3+ 14. gxf3
Rd8 15. Nc3 Bc6 16. Qe2 Bd6 17. h3 O-O 18. Nc4 Bf4 19. Bb6 Bh2+ 20. Kg2 Qb8 21.
Bxd8 Rxd8 22. Rad1 Re8 23. Rh1 Nh5 24. Qd2 Bf4 25. Qd3 Bg5 26. Ne2 Rd8 27. Qc3
Rc8 28. Nd6 Rd8 29. Qe5 Bf6 30. Qxh5 Rxd6 31. c3 e5 32. Rhg1 e4 33. f4 e3+ 34.
f3 Rd2 35. Rxd2 exd2 36. Qc5 Qe8 37. Qf2 Bb5 38. Nd4 Bxd4 39. Qxd4 Qe2+ 40. Kg3
h6 0-1

[Event "Kreismeisterschaft Mittelfranken Mitte 2"]
[Site "Nuernberg"]
[Date "2026.01.03"]
[Round "3.18"]
[White "Gottlieb, Michael"]
[Black "Mueller, Gerhard"]
[Result "1/2-1/2"]
[WhiteElo "1755"]
[BlackElo "1750"]
[PlyCount "63"]
[EventDate "2026.01.02"]
[WhiteTeam "SV Postbauer e.V."]
[BlackTeam "SC Schwarz-WeiÃŸ NÃ¼rnberg SÃ¼d e.V"]

1. e4 c5 2. d4 cxd4 3. Qxd4 Nc6 4. Qd3 e5 5. Nc3 h6 6. Nge2 Nf6 7. f3 Bc5 8.
Be3 Nb4 9. Qc4 Nxc2+ 10. Kd2 Bxe3+ 11. Kxc2 O-O 12. Ng3 d6 13. Qd3 Bd4 14. Nge2
Bc5 15. g4 g5 16. h4 gxh4 17. Rxh4 Kg7 18. Qd2 Ng8 19. Rh5 Bf2 20. Bg2 Bh4 21.
Bh3 Bg5 22. f4 exf4 23. Nxf4 Nf6 24. Rxg5+ hxg5 25. Nfd5 Nxd5 26. Nxd5 Be6 27.
Rf1 Rc8+ 28. Kd1 Bxd5 29. exd5 Qe8 30. Qxg5+ Kh7 31. Qh5+ Kg7 32. Qg5+ 1/2-1/2

[Event "Kreismeisterschaft Mittelfranken Mitte 2"]
[Site "Nuernberg"]
[Date "2026.01.03"]
[Round "3.19"]
[White "Nesmjanowitsch, Julia"]
[Black "Fridlin, Daniel"]
[Result "0-1"]
[WhiteElo "1660"]
[BlackElo "1701"]
[PlyCount "62"]
[EventDate "2026.01.02"]
[WhiteTeam "SC JÃ„KLECHEMIE Talente Franken e"]
[BlackTeam "SC Noris-Tarrasch NÃ¼rnberg 1873"]

1. e4 c5 2. Nf3 d6 3. d4 cxd4 4. Nxd4 Nf6 5. Nc3 a6 6. f3 e5 7. Nb3 Be6 8. Be3
h5 9. Be2 Be7 10. Qd2 Nbd7 11. O-O-O Qc7 12. Nd5 Bxd5 13. exd5 Rc8 14. c3 Nb6
15. Bxb6 Qxb6 16. g4 hxg4 17. fxg4 Ne4 18. Qd3 Nf2 19. Qf5 O-O 20. Bd3 g6 21.
Qf3 Nxd1 22. Kxd1 Bh4 23. Qh3 Bg5 24. Qf1 a5 25. h4 Bf4 26. h5 g5 27. Bf5 a4
28. Bxc8 Rxc8 29. h6 axb3 30. h7+ Kh8 31. Rh3 bxa2 0-1

[Event "Kreismeisterschaft Mittelfranken Mitte 2"]
[Site "Nuernberg"]
[Date "2026.01.03"]
[Round "3.20"]
[White "Scheitler, Wolfgang"]
[Black "Becker, Christian"]
[Result "1/2-1/2"]
[WhiteElo "1699"]
[BlackElo "1788"]
[PlyCount "28"]
[EventDate "2026.01.02"]
[WhiteTeam "SC Schwarz-WeiÃŸ NÃ¼rnberg SÃ¼d e.V"]
[BlackTeam "SC Schwarz-WeiÃŸ NÃ¼rnberg SÃ¼d e.V"]

1. d4 Nf6 2. c4 a6 3. Nc3 c5 4. Nf3 e6 5. Bg5 Qa5 6. Bxf6 gxf6 7. d5 Bg7 8. Qd2
f5 9. g3 d6 10. Rc1 Qc7 11. Bg2 Nd7 12. dxe6 fxe6 13. Qg5 Nf6 14. O-O O-O
1/2-1/2

[Event "Kreismeisterschaft Mittelfranken Mitte 2"]
[Site "Nuernberg"]
[Date "2026.01.03"]
[Round "3.21"]
[White "Atturi, Sathwik Reddy"]
[Black "Heemann, Jonas"]
[Result "0-1"]
[WhiteElo "1696"]
[BlackElo "1627"]
[PlyCount "120"]
[EventDate "2026.01.02"]
[WhiteTeam "Spvg Zabo-Eintracht NÃ¼rnberg e.V"]
[BlackTeam "SK NÃ¼rnberg 1911 e.V."]

1. e4 Nf6 2. e5 Nd5 3. d4 d6 4. c4 Nb6 5. f4 dxe5 6. fxe5 Nc6 7. Nf3 Bg4 8. Be3
Bxf3 9. gxf3 e6 10. Nc3 Be7 11. Ne4 Bb4+ 12. Nc3 Na5 13. c5 Nd5 14. Bd2 Qh4+
15. Ke2 Qxd4 16. Nxd5 Bxd2 17. Nxc7+ Ke7 18. Qxd2 Qxe5+ 19. Qe3 Qxb2+ 20. Qd2
Qe5+ 21. Kf2 Qxc5+ 22. Qe3 Qxc7 23. Qg5+ Kf8 24. Be2 Nc6 25. Rad1 Qb6+ 26. Kg2
Qb2 27. Rd2 Qf6 28. Qc5+ Qe7 29. Qb5 a6 30. Qb2 Qf6 31. Rhd1 Qxb2 32. Rxb2 b5
33. Rc2 Nb4 34. Rc5 Nd5 35. Kg3 Ke7 36. Rdc1 Kd7 37. f4 Rhc8 38. Bf3 Rxc5 39.
Rxc5 Rc8 40. Rxc8 Kxc8 41. f5 Kd7 42. Kf2 Kd6 43. fxe6 Kxe6 44. Be4 Nc3 45. Bb7
a5 46. a3 Nb1 47. Ke3 Nxa3 48. Be4 b4 49. Bd3 b3 50. Kd2 b2 51. Ke3 b1=Q 52.
Bxb1 Nxb1 53. Ke4 a4 54. Kd3 f5 55. Kc2 f4 56. Kxb1 f3 57. Ka2 f2 58. Ka3 f1=Q
59. Kxa4 Qb1 60. Ka3 Kd5 0-1

[Event "Kreismeisterschaft Mittelfranken Mitte 2"]
[Site "Nuernberg"]
[Date "2026.01.03"]
[Round "3.23"]
[White "Thoma, Dirk"]
[Black "Hahn, Thomas"]
[Result "0-1"]
[WhiteElo "1753"]
[BlackElo "1813"]
[PlyCount "76"]
[EventDate "2026.01.02"]
[WhiteTeam "SC Noris-Tarrasch NÃ¼rnberg 1873"]
[BlackTeam "Spvg Zabo-Eintracht NÃ¼rnberg e.V"]

1. g3 e5 2. c4 Nf6 3. Bg2 Bc5 4. Nc3 d6 5. e3 Nc6 6. a3 a6 7. Nge2 Ba7 8. O-O
Bd7 9. b4 Rb8 10. b5 Ne7 11. a4 O-O 12. Ba3 Re8 13. Rb1 Be6 14. d3 Qd7 15. a5
Bc5 16. Bxc5 dxc5 17. Qc2 Bh3 18. Rfd1 Bxg2 19. Kxg2 c6 20. Ne4 Nxe4 21. dxe4
Qe6 22. bxa6 bxa6 23. Rb6 Rxb6 24. axb6 Rb8 25. Rb1 Nc8 26. b7 Nd6 27. Qa4 Qxc4
28. Qxc6 Qxe4+ 29. Qxe4 Nxe4 30. f4 f6 31. Rb6 Kf7 32. Kf3 Nd2+ 33. Kg4 Nc4 34.
Rxa6 Rxb7 35. Nc3 Nxe3+ 36. Kf3 exf4 37. Kxf4 Nc2 38. Ke4 Re7+ 0-1

[Event "Kreismeisterschaft Mittelfranken Mitte 2"]
[Site "Nuernberg"]
[Date "2026.01.03"]
[Round "3.25"]
[White "Klinger, Klaus"]
[Black "Steindl, Horst"]
[Result "1-0"]
[WhiteElo "1774"]
[BlackElo "1609"]
[PlyCount "53"]
[EventDate "2026.01.02"]
[WhiteTeam "Spvg Zabo-Eintracht NÃ¼rnberg e.V"]
[BlackTeam "SC Schwarz-WeiÃŸ NÃ¼rnberg SÃ¼d e.V"]

1. e4 c6 2. Nf3 d5 3. d3 dxe4 4. Ng5 exd3 5. Bxd3 Nf6 6. Nxf7 Kxf7 7. Bg6+ hxg6
8. Qxd8 Bf5 9. Qd4 Nbd7 10. Be3 e5 11. Qa4 b5 12. Qa6 Bxc2 13. Qxc6 Bb4+ 14.
Bd2 Bxd2+ 15. Nxd2 Bd3 16. Qc3 e4 17. Qb3+ Ke7 18. Rc1 Rac8 19. Qb4+ Kf7 20.
Rc3 Nd5 21. Qb3 Ke6 22. Rxc8 Rxc8 23. Qd1 Nf4 24. Qg4+ Ke5 25. Qg5+ Ke6 26. Nb3
Rc2 27. Nd4+ 1-0

[Event "Kreismeisterschaft Mittelfranken Mitte 2"]
[Site "Nuernberg"]
[Date "2026.01.03"]
[Round "3.26"]
[White "Majid, Hakim"]
[Black "Nuesslein, Christian Thomas"]
[Result "0-1"]
[WhiteElo "1592"]
[BlackElo "1791"]
[PlyCount "134"]
[EventDate "2026.01.02"]
[WhiteTeam "SC Schwarz-WeiÃŸ NÃ¼rnberg SÃ¼d e.V"]
[BlackTeam "SC Anderssen NÃ¼rnberg 1929 e.V."]

1. e4 Nf6 2. e5 Nd5 3. d4 d6 4. exd6 cxd6 5. Bc4 Be6 6. Bd3 g6 7. c4 Nb6 8. d5
Bd7 9. Nf3 Qc7 10. Na3 Bg7 11. O-O Na4 12. Qe2 O-O 13. Rb1 Na6 14. Qxe7 Rae8
15. Qh4 Nb4 16. Bc2 Nxa2 17. Bh6 Nb4 18. Bxg7 Kxg7 19. Bb3 Nc5 20. Bd1 Re4 21.
Qg3 Rg4 22. Qh3 Rxc4 23. Qg3 Rg4 24. Qh3 Rd4 25. Qg3 Rg4 26. Qh3 Nxd5 27. Nh4
Nf4 28. Qc3+ Kg8 29. Bxg4 Bxg4 30. Qf6 d5 31. Rbe1 Ne4 32. Qd4 Be2 33. Rc1 Bxf1
34. Rxc7 Ne2+ 35. Kxf1 Nxd4 36. Rxb7 Ra8 37. f3 Nd2+ 38. Kf2 Nc4 39. Nb1 g5 40.
Nc3 Nb6 41. Ke3 Nc6 42. Nf5 Re8+ 43. Kf2 d4 44. Ne4 g4 45. Nfd6 Re7 46. Rxe7
Nxe7 47. Nf6+ Kg7 48. Nxg4 Na4 49. b3 Nc5 50. b4 Nd3+ 51. Ke2 Nxb4 52. Ne4 f5
53. Ng5 fxg4 54. fxg4 Kf6 55. Ne4+ Ke5 56. Ng5 Kf4 57. Nxh7 Kxg4 58. Nf6+ Kf5
59. Nd7 Ned5 60. Nc5 Nf4+ 61. Kf2 Nfd3+ 62. Nxd3 Nxd3+ 63. Ke2 Ke4 64. h4 Nf4+
65. Kf2 Kd3 66. g3 Ne6 67. g4 Kc2 0-1

[Event "Kreismeisterschaft Mittelfranken Mitte 2"]
[Site "Nuernberg"]
[Date "2026.01.03"]
[Round "3.27"]
[White "Wenta, Theodor"]
[Black "Sarcevic, Ivo"]
[Result "1-0"]
[WhiteElo "1633"]
[BlackElo "1674"]
[PlyCount "110"]
[EventDate "2026.01.02"]
[WhiteTeam "SC Schwarz-WeiÃŸ NÃ¼rnberg SÃ¼d e.V"]
[BlackTeam "SC Schwarz-WeiÃŸ NÃ¼rnberg SÃ¼d e.V"]

1. d4 d5 2. Bf4 Nc6 3. Nf3 Nf6 4. Nbd2 Bg4 5. a3 e6 6. h3 Bf5 7. Bg3 Bd6 8.
Bxd6 Qxd6 9. e3 O-O 10. Bd3 Ne4 11. Nh4 Bg6 12. Nxg6 fxg6 13. Bxe4 dxe4 14.
Nxe4 Qd5 15. f3 e5 16. c3 Qc4 17. b3 Qf7 18. d5 Rad8 19. c4 b6 20. Qc2 Ne7 21.
Ng5 Qf5 22. Qxf5 Rxf5 23. Ne6 Rd7 24. e4 Rf6 25. O-O g5 26. Nxg5 Ng6 27. Ne6
Nf4 28. Nxf4 Rxf4 29. b4 a6 30. a4 Rf6 31. Rfc1 c6 32. b5 cxb5 33. axb5 a5 34.
c5 Ra7 35. c6 Rc7 36. Rd1 Rd6 37. Rf1 g5 38. g3 h6 39. Kh2 Kg7 40. Rf2 Kg6 41.
Rg1 Kh7 42. Rgf1 h5 43. f4 gxf4 44. gxf4 exf4 45. Rxf4 a4 46. Rf7+ Rxf7 47.
Rxf7+ Kg6 48. Ra7 Rf6 49. Rxa4 Rf2+ 50. Kg1 Rb2 51. d6 Kf6 52. Rc4 Ke6 53. c7
Kxd6 54. c8=Q h4 55. Rd4+ Ke5 1-0

[Event "Kreismeisterschaft Mittelfranken Mitte 2"]
[Site "Nuernberg"]
[Date "2026.01.04"]
[Round "4.1"]
[White "Adeluette, Dennis"]
[Black "Levent, Abdullah"]
[Result "1-0"]
[WhiteElo "2103"]
[BlackElo "1710"]
[PlyCount "95"]
[EventDate "2026.01.02"]
[WhiteTeam "SC JÃ„KLECHEMIE Talente Franken e"]
[BlackTeam "SC Noris-Tarrasch NÃ¼rnberg 1873"]

1. d4 d5 2. c4 e6 3. Nf3 Nf6 4. Nc3 c6 5. e3 Bb4 6. Be2 Ne4 7. Bd2 Nxd2 8. Nxd2
Nd7 9. O-O O-O 10. a3 Bxc3 11. bxc3 Re8 12. e4 dxe4 13. Nxe4 Nf6 14. Bd3 Nxe4
15. Bxe4 g6 16. f4 Qc7 17. a4 b6 18. a5 Bd7 19. a6 Rad8 20. c5 Bc8 21. Qf3 Bd7
22. cxb6 axb6 23. Rfb1 Ra8 24. Rb2 Ra7 25. g3 Rea8 26. Rba2 b5 27. c4 bxc4 28.
Qc3 Rb8 29. Qxc4 Rb6 30. Qc5 Rb5 31. Qc3 Qb6 32. Bd3 Rb3 33. Qc4 Rb4 34. Qc5
Qxc5 35. dxc5 Bc8 36. Ra4 Rb8 37. Be4 Bd7 38. Rd4 Kf8 39. Rd6 Rc8 40. Rb1 Ke7
41. Rb6 Rac7 42. Kf2 h5 43. Ke3 Ra7 44. Bxc6 Bxc6 45. Rdxc6 Raa8 46. Kd4 Kd7
47. Rd6+ Kc7 48. Rb7# 1-0

[Event "Kreismeisterschaft Mittelfranken Mitte 2"]
[Site "Nuernberg"]
[Date "2026.01.04"]
[Round "4.2"]
[White "Erlbeck, Peter"]
[Black "Ahlich, Thomas"]
[Result "1/2-1/2"]
[WhiteElo "2019"]
[BlackElo "1942"]
[PlyCount "150"]
[EventDate "2026.01.02"]
[WhiteTeam "SC Schwarz-WeiÃŸ NÃ¼rnberg SÃ¼d e.V"]
[BlackTeam "Spvg Zabo-Eintracht NÃ¼rnberg e.V"]

1. e4 c6 2. d4 d5 3. exd5 cxd5 4. c4 dxc4 5. Bxc4 e6 6. Nf3 Nf6 7. O-O Be7 8.
Nc3 Nc6 9. a3 O-O 10. Re1 Re8 11. Bg5 Nd5 12. Bxe7 Ncxe7 13. Qd3 b6 14. Ng5 Nf6
15. Nge4 Ng6 16. Rad1 h6 17. Nxf6+ Qxf6 18. Ne4 Qd8 19. Bb5 Bd7 20. d5 exd5 21.
Qxd5 Bxb5 22. Qxb5 Qb8 23. g3 Ne5 24. Re3 Ng4 25. Re2 Ne5 26. f4 a6 27. Qb3 Nc6
28. Rd7 Rf8 29. Qd5 Nd8 30. Rd2 b5 31. Kg2 Ne6 32. f5 Nc7 33. Qc6 Ra7 34. f6 g6
35. h4 Ne6 36. Re7 Qa8 37. Qxa8 Rfxa8 38. Rdd7 Rxd7 39. Rxd7 Rd8 40. Ra7 g5 41.
hxg5 hxg5 42. Rxa6 g4 43. Rd6 Rc8 44. Nc3 Ng5 45. Rd4 Rc4 46. Rxc4 bxc4 47. Kf2
Ne6 48. Ke3 Kh7 49. a4 Kg6 50. Ne4 Kf5 51. a5 Ke5 52. a6 Nc7 53. a7 Nd5+ 54.
Ke2 Nb6 55. Nc3 Na8 56. Ke3 Kxf6 57. Kd4 Ke6 58. Nd5 Kd6 59. Kxc4 Kc6 60. Kd4
Kb7 61. Ke5 Kxa7 62. Kf6 Kb7 63. Kxf7 Kc6 64. Ke6 Kc5 65. b3 Kd4 66. Kd6 Ke4
67. Nf6+ Kf5 68. Nd7 Ke4 69. Kc6 Kf3 70. Kb7 Kxg3 71. Ne5 Kf4 72. Nxg4 Ke4 73.
Nf2+ Kd4 74. Nd1 Kc5 75. Kxa8 Kb4 1/2-1/2

[Event "Kreismeisterschaft Mittelfranken Mitte 2"]
[Site "Nuernberg"]
[Date "2026.01.04"]
[Round "4.3"]
[White "Waschner, Chili"]
[Black "Kanewski, Josef"]
[Result "0-1"]
[WhiteElo "1883"]
[BlackElo "1972"]
[PlyCount "46"]
[EventDate "2026.01.02"]
[WhiteTeam "Spvg Zabo-Eintracht NÃ¼rnberg e.V"]
[BlackTeam "SC Schwarz-WeiÃŸ NÃ¼rnberg SÃ¼d e.V"]

1. d4 f5 2. Nc3 Nf6 3. Bg5 g6 4. h4 Bg7 5. h5 Nxh5 6. Rxh5 gxh5 7. Nd5 Nc6 8.
e3 d6 9. Qxh5+ Kf8 10. Nh3 Be6 11. Nhf4 Bf7 12. Qh3 Qd7 13. Bd3 e6 14. Nf6 Qd8
15. N4h5 Bxh5 16. Nxh7+ Rxh7 17. Bxd8 Rxd8 18. Kd2 Bg6 19. Qg3 Ne7 20. a4 e5
21. c3 Bf6 22. Bc4 c6 23. Ke2 Bh4 0-1

[Event "Kreismeisterschaft Mittelfranken Mitte 2"]
[Site "Nuernberg"]
[Date "2026.01.04"]
[Round "4.4"]
[White "Mueller, Tim"]
[Black "Civas, Ege Noyan"]
[Result "1-0"]
[WhiteElo "1713"]
[BlackElo "1847"]
[PlyCount "63"]
[EventDate "2026.01.02"]
[WhiteTeam "SC Noris-Tarrasch NÃ¼rnberg 1873"]
[BlackTeam "SC Schwarz-WeiÃŸ NÃ¼rnberg SÃ¼d e.V"]

1. e4 c6 2. Nc3 d5 3. Nf3 Bg4 4. h3 Bxf3 5. Qxf3 Nf6 6. d4 dxe4 7. Qe3 Nd5 8.
Qxe4 Nxc3 9. bxc3 Qd5 10. Qg4 e5 11. Qc8+ Qd8 12. Qxb7 Bd6 13. d5 O-O 14. dxc6
Qa5 15. Bd2 e4 16. Qxa8 e3 17. fxe3 Bg3+ 18. Kd1 Rd8 19. Bd3 Na6 20. Qxd8+ Qxd8
21. Bxa6 Qa5 22. Be2 Qb6 23. Rf1 Qb2 24. Rc1 h6 25. Bc4 Qb6 26. Rxf7 Kh8 27.
Rf8+ Kh7 28. Ke2 Qc5 29. Bd3+ g6 30. Rcf1 Qh5+ 31. R1f3 Bd6 32. c7 1-0

[Event "Kreismeisterschaft Mittelfranken Mitte 2"]
[Site "Nuernberg"]
[Date "2026.01.04"]
[Round "4.5"]
[White "Papst, Arthur"]
[Black "Simin, Vladimir"]
[Result "1-0"]
[WhiteElo "1772"]
[BlackElo "1935"]
[PlyCount "109"]
[EventDate "2026.01.02"]
[WhiteTeam "SK NÃ¼rnberg 1911 e.V."]
[BlackTeam "SC Schwarz-WeiÃŸ NÃ¼rnberg SÃ¼d e.V"]

1. e4 e5 2. Nf3 Nc6 3. Bb5 a6 4. Ba4 f5 5. d4 fxe4 6. Nxe5 Nf6 7. Bg5 Bd6 8.
Nc4 O-O 9. Nxd6 cxd6 10. O-O Qa5 11. Bb3+ Kh8 12. d5 Ne7 13. Nc3 Neg8 14. Re1
Qc5 15. Be3 Qc7 16. Qd4 b5 17. Nxe4 Bb7 18. Nxf6 Nxf6 19. Bf4 Qc5 20. Rad1 Rfe8
21. Rxe8+ Rxe8 22. Be3 a5 23. Qd3 Rxe3 24. Qxe3 Qxe3 25. fxe3 a4 26. Bxa4 bxa4
27. c4 Kg8 28. Rd4 h5 29. h3 Kf7 30. Kf2 Kg6 31. Ke2 Ne8 32. Kd3 Nc7 33. Kc3
Na6 34. Rf4 Nc7 35. Rf8 Nxd5+ 36. cxd5 Bxd5 37. Rd8 Bxg2 38. Rxd7 Bxh3 39.
Rxd6+ Kf7 40. Ra6 Bd7 41. Kd4 h4 42. Ke4 g5 43. Kf3 g4+ 44. Kg2 Ke7 45. Rh6 h3+
46. Kg3 Be6 47. Rg6 Kf7 48. Rg5 Kf6 49. Ra5 Bd7 50. b4 axb3 51. axb3 Ke6 52.
Kxg4 Kd6+ 53. Kg3 Be6 54. Ra6+ Ke5 55. Rxe6+ 1-0